[Event "Bhubaneswar op-A 14th"]
[Site "Bhubaneswar"]
[Date "2023.06.16"]
[Round "8"]
[White "Nirgun, Keval"]
[Black "Rishan, Debnath"]
[Result "1-0"]
[WhiteElo "1813"]
[BlackElo "1601"]
[PlyCount "59"]
[EventDate "2023.06.11"]
[EventType "swiss"]
[EventRounds "10"]
[EventCountry "IND"]
[SourceTitle "CBM 214 Extra"]
[Source "ChessBase"]
[SourceDate "2023.07.31"]
[SourceVersion "1"]
[SourceVersionDate "2023.07.31"]
[SourceQuality "1"]

1. e4 e6 2. d4 d5 3. e5 c5 4. c3 Qb6 5. Nf3 Nc6 6. Bd3 cxd4 7. 0-0 Bd7 8. h4 h6 9. a3 Nge7 10. Re1 g6 11. b4 dxc3 12. Nxc3 Nd4 13. Nxd4 Qxd4 14. Nb5 Qxa1 15. Nd6+ Kd8 16. Nxf7+ Kc7 17. Qc2+ Kb8 18. Nxh8 Bg7 19. Nf7 Nc6 20. b5 Nxe5 21. Qc5 Nxd3 22. Bf4+ Nxf4 23. Rxa1 Bxa1 24. Qf8+ Kc7 25. Qxa8 Bf6 26. Qxa7 Bxb5 27. Qa5+ Kc6 28. Nd8+ Bxd8 29. Qxd8 d4 30. g3 1-0

[Event "IND-ch U09 op 32nd"]
[Site "Ranchi"]
[Date "2018.09.15"]
[Round "1.9"]
[White "Bharadia, Yash"]
[Black "Rishan, Debnath"]
[Result "1/2-1/2"]
[WhiteElo "1525"]
[BlackElo "1006"]
[PlyCount "140"]
[EventDate "2018.09.15"]
[EventType "swiss"]
[EventRounds "11"]
[EventCountry "IND"]
[SourceTitle "EXT 2024"]
[Source "ChessBase"]
[SourceDate "2023.10.10"]
[SourceVersion "1"]
[SourceVersionDate "2023.10.10"]
[SourceQuality "1"]

1. e4 e5 2. Nf3 Nc6 3. Bc4 Bc5 4. d3 Nf6 5. Nc3 d6 6. Be3 Nd4 7. Bxd4 Bxd4 8. Nxd4 exd4 9. Ne2 c5 10. 0-0 0-0 11. c3 dxc3 12. Nxc3 Be6 13. Qb3 Bxc4 14. dxc4 Qe7 15. f3 Rab8 16. Rad1 a6 17. Rd2 Rfd8 18. Rfd1 Rd7 19. Qb6 Rbd8 20. Nd5 Nxd5 21. Rxd5 g6 22. Qb3 Rc8 23. Qd3 Rc6 24. e5 Qf8 25. Rxd6 Rcxd6 26. exd6 Qg7 27. Rd2 Qe5 28. Qe4 Qxe4 29. fxe4 f6 30. a3 Kf7 31. b4 b6 32. bxc5 bxc5 33. Rd5 Ke6 34. Rxc5 Rxd6 35. Ra5 Rc6 36. Kf2 Rxc4 37. Rxa6+ Ke5 38. Rb6 Rxe4 39. Rb4 Rxb4 40. axb4 Kd4 41. Kf3 Kc4 42. Ke4 Kxb4 43. Kd5 f5 44. Kd4 Kb3 45. Ke5 Kc2 46. h4 Kd3 47. Kf6 Ke3 48. Kg7 f4 49. Kxh7 Kf2 50. Kxg6 Kxg2 51. h5 f3 52. h6 f2 53. h7 f1Q 54. h8Q Qb1+ 55. Kg5 Qb5+ 56. Kf4 Qc4+ 57. Ke3 Qc1+ 58. Ke2 Qf1+ 59. Kd2 Qf2+ 60. Kd3 Qf3+ 61. Kc4 Qc6+ 62. Kb4 Qb6+ 63. Kc3 Qa5+ 64. Kc2 Qa2+ 65. Kc1 Qa3+ 66. Kb1 Qb3+ 67. Ka1 Qa3+ 68. Kb1 Qb3+ 69. Kc1 Qc4+ 70. Kd2 Qd5+ 1/2-1/2